| 000 | 01458nam a2200361 i 4500 | ||
|---|---|---|---|
| 003 | DO-SdBNP | ||
| 005 | 20260415195029.0 | ||
| 007 | ta | ||
| 008 | 210421e2020 dr ac||er|||| 001 0 spa d | ||
| 020 | _a9789945220766 | ||
| 040 |
_aDO-SdBNP _bspa _cBNPHU _erda |
||
| 041 | _hspa | ||
| 082 | 4 |
_bD919c _a649.1 _222 |
|
| 100 | 1 | 0 |
_aDunker L., José, _d1943- _eautor _91027 |
| 245 | 1 | 3 |
_aCómo criar bién : _buna guía para padres que quieren desempeñar bien su papel / _cJosé Dunker L. , Niuris Fiordaliza de Jesús. |
| 250 | _a2a. ed. | ||
| 264 |
_aSanto Domingo : _bBúho, _c2020. |
||
| 300 |
_a99 páginas : _bilustraciones, retratos ; _c23 cm |
||
| 336 |
_2rdacontent _atexto _btxt |
||
| 337 |
_2rdamedia _asin mediación _bn |
||
| 338 |
_2rdacarrier _avolumen _bnc |
||
| 505 | 0 |
_tIntroducción.-- _t1.- Regla universal de crianza.- _t2.- Hábitos para aprender en la crianza.-- _t3.- Pautas efectivas de crianza.- _t4.- La familia saludable.-- _t5.- Trauma y personalidad.-- _t6.- Estresores y enfermedades.-- _t7.- Momentos de la crianza.-- _t8.- Preguntas de los progenitores.-- |
|
| 590 | _aInventariado, 2023/BT | ||
| 650 | 0 |
_aCrianza de niños _94212 |
|
| 650 | 0 |
_aPadre y hijo _978470 |
|
| 650 | 4 |
_aEducación para la vida familiar _92729 |
|
| 650 | 4 |
_aEducación en el hogar _9798 |
|
| 650 | 4 |
_aManejo de niños _9799 |
|
| 650 | 0 |
_aFamilias _9795 |
|
| 700 | 1 |
_aJesús de Dunker, Fior de, _978447 _eautora |
|
| 910 | _aBtavárez | ||
| 942 |
_2ddc _cLBS1 |
||
| 999 |
_c49766 _d49766 |
||